Fr. Conceicao Rodrigues College of Engineering

VCR:principles (Record no. 18155)

MARC details
000 -LEADER
fixed length control field 00314nam a2200145Ia 4500
082 ## - DEWEY DECIMAL CLASSIFICATION NUMBER
Classification number 621.388
Item number SHA
100 ## - MAIN ENTRY--PERSONAL NAME
Personal name Sharma./S.P
245 ## - TITLE STATEMENT
Title VCR:principles
260 ## - PUBLICATION, DISTRIBUTION, ETC.
Name of publisher, distributor, etc. Tata McGraw Hill
Place of publication, distribution, etc. New Delhi
Date of publication, distribution, etc. 1990
300 ## - PHYSICAL DESCRIPTION
Extent 141
546 ## - LANGUAGE NOTE
Language note ENGLISH
654 ## - SUBJECT ADDED ENTRY--FACETED TOPICAL TERMS
Focus term maintenace and repair
942 ## - ADDED ENTRY ELEMENTS (KOHA)
Koha item type BOOK
Holdings
Withdrawn status Lost status Damaged status Not for loan Collection Home library Current library Shelving location Date acquired Source of acquisition Cost, normal purchase price Inventory number Total Checkouts Full call number Barcode Date last seen Cost, replacement price Price effective from Koha item type
        CRC Fr. Agnel's C.Rodrigues College of Engineering Fr. Agnel's C.Rodrigues College of Engineering   17/03/2023 Progressive Books 45.00 B91129   621.388 SHA 3378 17/03/2023 45.00 17/03/2023 BOOK